| 000 | 00568nam a2200217 a 4500 | ||
|---|---|---|---|
| 001 | 13528 | ||
| 003 | BD-JhCC | ||
| 005 | 20240116132717.0 | ||
| 008 | 180809s2022 bg a|||| |||| 000 0 eng d | ||
| 020 | _a9789843517562 | ||
| 035 | _a(BD-JhCC)13528 | ||
| 040 |
_aBD-JhCC _dBD-JhCC |
||
| 041 | _a English | ||
| 082 |
_a355 _bTOT 2022 |
||
| 100 | _aTotoul, Md. Golam Kibria | ||
| 245 |
_aPrinciples Of IQ / _c Md. Golam Kibria Totoul. |
||
| 260 |
_aDhaka : _bDelight Print Shop; _c2022. |
||
| 300 |
_a378 p. : _bill. ; _c22 cm. |
||
| 650 | _aISSB | ||
| 942 |
_2ddc _cBK _02 |
||
| 999 |
_c13528 _d13528 |
||